Statystyki dla Największe jeziora w Polsce

Kliknij tutaj aby rozwiązać quiz!

Ogólne statystyki

  • Ten quiz został rozwiązany 122 razy
  • Średni wynik to 10 z 36

Statystyki odpowiedzi

Odpowiedź% Poprawnych
Śniardwy
96%
Mamry
89%
Łebsko
67%
Wigry
58%
Gopło
56%
Jeziorak
53%
Dąbie
48%
Niegocin
45%
Jamno
44%
Drawsko
42%
Miedwie
41%
Solińskie
39%
Wdzydze
35%
Zegrzyńskie
28%
Jeziorsko
25%
Włocławskie
25%
Goczałkowickie
23%
Tałty
23%
Czorsztyńskie
20%
Nidzkie
20%
Roś
20%
Żarnowieckie
19%
Druzno
18%
Charzykowskie
16%
Koronowskie
16%
Lubie
15%
Sulejowskie
14%
Wielimie
14%
Selmęt Wielki
10%
Siemianowskie
8%
Ińsko
5%
Betyń
3%
Gadrno
2%
Woświn
2%
Orawskie
1%
Widzko
1%

Rozkład punktacji

Percentyl według liczby udzielonych odpowiedzi

Procent ludzi z każdym wynikiem

Twoja historia wyników

Nie rozwiązałeś tego quizu